Sports Quiz

Random Sports or NFL Quiz
Score 0/32 Timer 06:00
0 Plays Today
Dvision Team % Correct
AFC EastNew England Patriots
100%
AFC EastBuffalo Bills
95.3%
AFC EastMiami Dolphins
95.3%
AFC EastNew York Jets
93%
NFC EastNew York Giants
93%
NFC EastWashington Redskins
93%
NFC WestArizona Cardinals
90.7%
AFC NorthCleveland Browns
90.7%
NFC EastDallas Cowboys
90.7%
NFC EastPhiladelphia Eagles
90.7%
AFC SouthIndianapolis Colts
90.7%
AFC WestDenver Broncos
90.7%
NFC NorthGreen Bay Packers
90.7%
NFC NorthMinnesota Vikings
90.7%
NFC SouthCarolina Panthers
90.7%
NFC SouthAtlanta Falcons
90.7%
Dvision Team % Correct
AFC NorthPittsburgh Steelers
88.4%
AFC NorthCincinnati Bengals
88.4%
AFC NorthBaltimore Ravens
88.4%
AFC SouthHouston Texans
88.4%
AFC SouthJacksonville Jaguars
88.4%
AFC WestKansas City Chiefs
88.4%
AFC WestSan Diego Chargers
88.4%
AFC WestOakland Raiders
88.4%
NFC NorthDetroit Lions
88.4%
NFC SouthNew Orleans Saints
88.4%
NFC SouthTampa Bay Buccaneers
88.4%
NFC WestSeattle Seahawks
88.4%
AFC SouthTennessee Titans
86%
NFC NorthChicago Bears
86%
NFC WestSan Francisco 49ers
86%
NFC WestSt. Louis Rams
86%
Remove Ads.
Support Sporcle.
Get the best of Sporcle when you Go Orange. This ad-free experience offers more features, more stats, and more fun while also helping to support Sporcle. Thank you for becoming a member.

You're not logged in!

Compare scores with friends on all Sporcle quizzes.
OR
Log In

Show Comments

Extras

Created Jan 1, 2015ReportNominate
Tags:NFL Quiz, 2014, lose, record, season, team, Win

Top Quizzes Today


Score Distribution

Your Account Isn't Verified!

In order to create a playlist on Sporcle, you need to verify the email address you used during registration. Go to your Sporcle Settings to finish the process.

Report this User

Report this user for behavior that violates our Community Guidelines.

Details: